000 00414nam a2200133Ia 4500
005 20260328104328.0
008 260328s9999||||xx |||||||||||||| ||und||
100 _aLondoño, Roberto Jose
245 0 _aEdificio Francisco Camacho :
_b un momento , un entorno y una Arquitectura /
_cRoberto Jose Londoño
260 _bUniversidad de los Andes
300 _a190 p.
650 _aEDIFICIOS COMERCIALES
942 _cBK
999 _c11616
_d11616